[Event "Arco op 27th"]
[Site "Arco"]
[Date "2005.10.25"]
[Round "4"]
[White "Giancotti, Eraldo"]
[Black "Moratto, Davide"]
[Result "0-1"]
[WhiteElo "2063"]
[BlackElo "2009"]
[PlyCount "86"]
[EventDate "2005.10.22"]
[EventType "swiss"]
[EventRounds "9"]
[EventCountry "ITA"]
[SourceTitle "EXT 2006"]
[Source "ChessBase"]
[SourceDate "2005.11.24"]
[SourceVersion "1"]
[SourceVersionDate "2005.11.24"]
[SourceQuality "1"]

1. d4 Nf6 2. Bg5 e6 3. e4 h6 4. Bxf6 Qxf6 5. Nc3 Bb4 6. Qd2 d6 7. Nf3 Bd7 8. 0-0-0 a5 9. a3 Bxc3 10. Qxc3 Qd8 11. Qe3 b5 12. Rd3 0-0 13. b4 axb4 14. axb4 Nc6 15. Rb3 Qb8 16. Qc3 Ne7 17. Be2 Qa7 18. Nd2 Rfc8 19. Rb1 c5 20. Nb3 cxd4 21. Qxd4 Qc7 22. Rb2 Nc6 23. Qd2 Ne5 24. Na5 Nc4 25. Bxc4 bxc4 26. Qc3 d5 27. exd5 exd5 28. g3 Be6 29. Rd1 Rd8 30. Rd4 Ra6 31. f4 Bf5 32. Nb3 Ra3 33. g4 Be4 34. b5 Qxf4+ 35. Qd2 Qf1+ 36. Qd1 Qxd1+ 37. Kxd1 cxb3 38. c4 Bc2+ 39. Kd2 Ra4 40. Rxd5 Rxd5+ 41. cxd5 Rb4 42. Kc3 Rxb5 43. Kc4 Rb8 0-1